000 01132cam a22002655a 4500
001 1275
005 20230828154945.0
008 120905s2013 nyu 000 0 eng
020 _a9780688210762 (hardcover bdg.)
020 _a9780380709182
040 _aDLC
_cDLC
_beng
050 _aPS3553.L3914
082 _aFic
100 1 _aCleary, Beverly.
245 1 0 _aBeezus and Ramona /
_cBeverly Cleary, Jacqueline Rogers ; [edited by] Barbara Lalicki.
250 _aReillustrated ed.
260 _aNew York, NY :
_bHarperCollins
_c1955.
300 _a183 pages :
_bIllustrations ;
_c20 cm
505 _aR
520 _aNewbery Award winner Beverly Cleary delivers a humorous portrayal of the ups and downs of sisterhood. Both the younger and older siblings of the family will enjoy this book. Having a little sister like four-year-old Ramona isn't always easy for Beezus Quimby. With a wild imagination, disregard for order, and an appetite for chaos, Ramona makes it hard for
521 _a780
_bLexile
521 _aR
_bRaz-Plus
906 _a0
_bibc
_corignew
_d2
_eepcn
_f20
_gy-gencatlg
942 _2ddc
_cBK
_n0
999 _c1275
_d1275